Ski Alpin Gesamtweltcupsieger (Damen) - Statistiken

Allgemein
  • Dieses Quiz wurde 1.865 mal gespielt
    1.276 seit der letzten Aktualisierung
  • Das Durchschnittsergebnis liegt bei 10 aus 31
Antwortstatistiken
Siege Sieger % Korrekt
4 Lindsey Vonn
84%
5 Mikaela Shiffrin
84%
2 Lara Gut
69%
1 Maria Riesch
64%
2 Federica Brignone
58%
3 Janica Kostelic
44%
1 Petra Vlhova
43%
2 Anna Fenninger
42%
1 Tina Maze
40%
1 Rosi Mittermaier
35%
2 Anja Pärson
34%
6 Annemarie Moser-Pröll
34%
3 Vreni Schneider
34%
2 Katja Seizinger
29%
1 Renate Götschl
26%
1 Alexandra Meissnitzer
25%
2 Hanni Wenzel
24%
1 Michaela Dorfmeister
24%
1 Nicole Hosp
20%
3 Petra Kronberger
19%
1 Pernilla Wiberg
18%
1 Anita Wachter
16%
2 Maria Walliser
16%
1 Marie-Theres Nadig
16%
2 Erika Hess
15%
2 Michela Figini
15%
1 Lise-Marie Morerod
11%
2 Nancy Greene
11%
1 Tamara McKinney
10%
1 Gertrud Gabl
9%
1 Michele Jacot
8%
Keine übereinstimmenden Quizze gefunden
Verteilung der Resultate
Anzahl Personen mit jedem Resultat
Perzentil nach korrekt beantworteten Fragen
Ihre Resultats-Entwicklung
Sie haben dieses Quiz seit der letzten Aktualisierung nicht gespielt